000 00274nmm a2200097Ia 4500
008 220120s9999||||xx |||||||||||||||||und||
082 _a00 4.165 DRA
100 _aDreamtech software team
_93539
245 0 _aProgramming for embedded systems: cracking the code
260 _c2002
999 _c139061
_d139061